MARC

LEADER 00000nam0a2200000 4500
001 261776
005 20231031221757.0
035 |a (RuTPU)RU\TPU\book\284757 
090 |a 261776 
100 |a 20140527d1986 k y0rusy50 ca 
101 0 |a rus 
102 |a RU 
105 |a a z 001zy 
200 1 |a Газотермические способы нанесения защитных покрытий  |e тематический сборник научных трудов  |f Челябинский политехнический институт (ЧелПИ) ; Московский авиационный технологический институт 
210 |a Челябинск  |c Изд-во Челябинского политехнического ин-та  |d 1986 
215 |a 108 с.  |c ил. 
320 |a Библиография в конце статей 
606 1 |a Защитные покрытия  |x Нанесение  |2 stltpush  |3 (RuTPU)RU\TPU\subj\11431 
610 1 |a газотермическое нанесение 
610 1 |a высокоскоростные газовые потоки 
610 1 |a частицы 
610 1 |a поведение 
610 1 |a взаимодействие 
675 |a 621.793  |v 3 
712 0 2 |a Челябинский политехнический институт (ЧелПИ)  |c (1951-1990)  |2 stltpush  |3 (RuTPU)RU\TPU\col\7924 
712 0 2 |a Московский авиационный технологический институт  |2 stltpush  |3 (RuTPU)RU\TPU\col\11296 
801 1 |a RU  |b 63413507  |c 20140527 
801 2 |a RU  |b 63413507  |c 20150923  |g RCR 
942 |c BK